000 00890nas a2200241 454500
001 33843
005 20260407193508.0
008 260407s1982####ag###########|||spa#d
003 AR-UNSa-BCEJYS
040 _aAR-UNSa-BCEJYS
_bspa
_cAR-UNSa-BCEJYS
080 _a336.1
_xFinanzas Públicas. Finanzas del gobierno en general
245 1 0 _aSerie de Finanzas Públicas
_ptrabajo de divulgación
264 1 _aBuenos Aires :
_bBanco Central de la República Argentina
_c1982
310 _aFrecuencia: Irregular
041 _aspa
942 _cSER
590 _aniveau_biblio:s niveau_hierar:1
100 1 _aBanco Central de la República Argentina. Gerencia de Finanzas Públicas
650 _aSector público
650 _aHacienda pública
650 _aTributación
856 4 1 _uhttps://biblioeco.unsa.edu.ar/pmb/images/revistas/bcra_finanzasPublicas.jpg
_yImagen de portada
_qimage/jpeg
999 _c8738
_d8738